00470nam a22001577a 450000500170000001000150001702000300003203500140006203700130007608200080008924500600009726000250015727000930018230000200027570000170029520210915150751.0 aENG-129924 a978-93-86720-24-5c499.00 aEN-113456 bDBAD/PUB a350 aIAS Mains public Administration:cedited by Vicky Yadav bRathoreaIndiac2019 bGhaziabade201010aBasement,260,Shaktikhand-III Indirapurammrathorepublishers@gmail.com av.p.c25cm(hbk) a Yadav,Vicky